Encyclopedia of governance (Record no. 479688)

MARC details
000 -LEADER
fixed length control field 01459cam a2200349 a 4500
001 - CONTROL NUMBER
control field EDZ0000018992
003 - CONTROL NUMBER IDENTIFIER
control field StDuBDS
005 - DATE AND TIME OF LATEST TRANSACTION
control field 20161031105122.0
006 - FIXED-LENGTH DATA ELEMENTS--ADDITIONAL MATERIAL CHARACTERISTICS--GENERAL INFORMATION
fixed length control field m||||||||d||||||||
007 - PHYSICAL DESCRIPTION FIXED FIELD--GENERAL INFORMATION
fixed length control field cr |||||||||||
008 - FIXED-LENGTH DATA ELEMENTS--GENERAL INFORMATION
fixed length control field 110107s2007 caua fo 001|0|eng|d
020 ## - INTERNATIONAL STANDARD BOOK NUMBER
International Standard Book Number 9781412952613 (ebook) :
Terms of availability No price
040 ## - CATALOGING SOURCE
Original cataloging agency StDuBDS
Language of cataloging eng
Transcribing agency StDuBDS
Description conventions pn
049 ## - LOCAL HOLDINGS (OCLC)
Holding library Alfaisal Main Library
050 #4 - LIBRARY OF CONGRESS CALL NUMBER
Classification number JC11
082 04 - DEWEY DECIMAL CLASSIFICATION NUMBER
Classification number 351.03
Edition number 22
245 00 - TITLE STATEMENT
Title Encyclopedia of governance
Medium [electronic resource] /
Statement of responsibility, etc Mark Bevir, editor.
260 ## - PUBLICATION, DISTRIBUTION, ETC. (IMPRINT)
Place of publication, distribution, etc Thousand Oaks, Calif. ;
-- London :
Name of publisher, distributor, etc SAGE,
Date of publication, distribution, etc c2007.
300 ## - PHYSICAL DESCRIPTION
Extent 1 online resource (2 v. (xxxviii, 1027, I-70 p.)) :
Other physical details ill.
520 8# - SUMMARY, ETC.
Summary, etc This encyclopedia provides a one-stop point of reference for the diverse and complex topics surrounding governance. It concentrates primarily on topics related to the changing nature and role of the state in recent times, and the ways in which these have been conceptualised.
521 ## - TARGET AUDIENCE NOTE
Target audience note Specialized.
588 ## -
-- Description based on print version record.
504 ## - BIBLIOGRAPHY, ETC. NOTE
Bibliography, etc Includes bibliographical references and index.
650 #0 - SUBJECT ADDED ENTRY--TOPICAL TERM
Topical term or geographic name as entry element Public administration
Form subdivision Encyclopedias.
650 #0 - SUBJECT ADDED ENTRY--TOPICAL TERM
Topical term or geographic name as entry element State, The
Form subdivision Encyclopedias.
655 #7 - INDEX TERM--GENRE/FORM
Genre/form data or focus term Electronic books.
Source of term local
700 1# - ADDED ENTRY--PERSONAL NAME
Personal name Bevir, Mark.
710 2# - ADDED ENTRY--CORPORATE NAME
Corporate name or jurisdiction name as entry element Sage eBooks
776 08 - ADDITIONAL PHYSICAL FORM ENTRY
Display text Print version :
International Standard Book Number 9781412905794
856 40 - ELECTRONIC LOCATION AND ACCESS
Uniform Resource Identifier <a href="http://ezproxy.alfaisal.edu/login?url=http://sk.sagepub.com/reference/governance">http://ezproxy.alfaisal.edu/login?url=http://sk.sagepub.com/reference/governance</a>
942 ## - ADDED ENTRY ELEMENTS (KOHA)
Source of classification or shelving scheme Library of Congress Classification
Koha item type eBooks

No items available.

Copyright © 2020 Alfaisal University Library. All Rights Reserved.
Tel: +966 11 2158948 Fax: +966 11 2157910 Email:
librarian@alfaisal.edu